000 00751nam a2200253 a 4500
003 AR-BaBNM
005 20251128204004.0
008 082120s2002 ||||||||||||||000 | spa||
040 _cAR-BaBNM
110 2 _aPromoción y Desarrollo de la Mujer [Chile]
245 0 0 _aLa mujer piensa a la mujer
_bantología poética
260 _aSantiago de Chile
_bPRODEMU
_c1991
300 _a133 p.
500 _aLa presente antología contiene los trabajos seleccionados en el Primer Concurso Nacional de poesía
650 4 _aLITERATURA CHILENA
650 4 _aPOESIA
650 4 _aANTOLOGIAS
650 4 _aMUJERES
650 4 _aESCRITORES
655 _aLITERATURA
700 1 _aKrauss Rusque, Enrique
_eprologuista
942 _cBK
998 _cMARTIN
999 _c5734
_d5734